Bataille's boys: postmodernity, fascists and football fans

Αποθηκεύτηκε σε:
Λεπτομέρειες βιβλιογραφικής εγγραφής
Κύριος συγγραφέας: Smith, Tom
Συγγραφή απο Οργανισμό/Αρχή: University of Central Lancashire
Μορφή: Κείμενο
Έκδοση: [London]: Routledge Journals, Taylor & Frances
Θέματα:
Ετικέτες: Προσθήκη ετικέτας
Δεν υπάρχουν, Καταχωρήστε ετικέτα πρώτοι!

MARC

LEADER 00000 a a2200000 04500
001 32677
003
040
090 |a 203500  
100 |a Smith, Tom  
110 |a University of Central Lancashire  
245 |a Bataille's boys: postmodernity, fascists and football fans  
260 |a [London]:   |b Routledge Journals,   |c Taylor & Frances  
300 |a pp. 443-460  
500 |a Publicado en: British Journal of Sociology vol. 51, no 3, september 2000  
650 |a FUTBOL  
650 |a ROL MASCULINO  
650 |a MASCULINIDAD  
650 |a IDEOLOGIAS POLITICAS  
650 |a TEORIA  
999 |c 10468  |d 10468